000 00340 a2200157 4500
001 52389
020 _a
040 _cAnchieta - Pituba
100 _aSaulo
240 1 0 _a2ª Sociologia, III unidade
_lpor
245 1 0 _a2ª Sociologia, III unidade
300 _a4
362 0 _a2014
650 4 _aSociologia e Antropologia
942 _cBK
999 _c52389
_d52389